| 000 | 01281 a2200217 4500 | ||
|---|---|---|---|
| 003 | Nust | ||
| 005 | 20221206093745.0 | ||
| 010 | _a 88034209 | ||
| 020 | _a0135932947 | ||
| 040 | _cNust | ||
| 082 | 0 | 0 | _a621.38154,HEL |
| 100 | 1 |
_aHelfrick, Albert D. _9103468 |
|
| 245 | 1 | 0 |
_aModern electronic instrumentation and measurement techniques / _cAlbert D. Helfrick, William D. Cooper. |
| 260 |
_aEnglewood Cliffs, N.J. : _bPrentice Hall, _cc1990. |
||
| 300 |
_axii, 446 p. : _bill. ; _c25 cm. |
||
| 505 | _aMeasurement and Error (Page-15), Systems of Units of Measurement (Page-34), Standards of Measurement (Page-46), Electromechanical Indicating Instruments (Page-61), Bridge Measurements (Page-115), Electronic Instruments for Measuring Basic Parameters (Page-145), Oscilloscopes (Page-200), Signal Generation (Page-260), Signal Analysis (Page-296), Frequency Counters and Time Interval Measurements (Page-329), Transducers as Input Elements to Instrumentation Systems (Page-351), Analogy and Digital Data Acquisition Systems (Page-393), Computer Controlled Test Systems (Page-414), Fiber Optics Measurements (Page-432). | ||
| 650 | 0 | _aTelecommunication Engineering. | |
| 700 | 1 |
_aCooper, William David. _9103469 |
|
| 700 | 1 |
_aCooper, William David. _9103469 |
|
| 942 |
_2ddc _cBK |
||
| 999 |
_c181613 _d181613 |
||